LEADER 01071nam a2200265 u 4500 001 000000022916 003 CaOOAMICUS 005 20070226111159.0 008 950424s1944 it u000 u ita u 035 $a10576736 040 $aPUL(R)$bita 100 1 $aCroce, Benedetto,$d1866-1952.$0(OLS)http://pul/name/495 245 10$aPer la nuova vita dell'Italia :$bscritti e discorsi : 1943-1944 /$cBenedetto Croce. 260 $aNapoli :$bRicciardi,$c1944. 300 $a136 p. ;$c22 cm 504 $aBibliografia in nota. 650 4$aGuerra mondiale, 1939-1945.$0(OLS)http://pul/subject/2927 651 4$aItalia$xStoria$y1943-1945.$0(OLS)http://pul/subject/14253 850 $aPUL 852 $aPUL$W1$xDP2 Filosofia 1$y62$m94 C 43$j32129$nBK-PRI$b $qStampati$B32129$CPULBib$Z2$F32129 $81 941 1 $a8 960 $aSeconda guerra mondiale, 1939-1945$92927 961 $aINV: 14455 996 $6245$aPer la nuova vita dell'Italia :$bscritti e discorsi : 1943-1944$9(OLS)http://pul/title/31909 996 $6260$aNapoli :$bRicciardi$9(OLS)http://pul/publisher/57818 LEADER 02274nam a2200409 a 4500 001 000000152679 003 CaOOAMICUS 005 20190207172755.0 008 160707s2013 it c u000 u ita r 020 $a978-88-548-5299-0* 032 $aLibriCat 040 $aPUL$bita 041 0 $aita$aspa 110 2 $aAccademia romanistica costantiniana.$bConvegno internazionale$n(19 :$d2013 :$cSpello e Perugia).$0(OLS)http://pul/name/97285 245 10$aAtti dell'Accademia romanistica costantiniana :$borganizzare sorvegliare punire; il controllo dei corpi e delle menti nel diritto della tarda antichitą. 246 00$aOrganizzare sorvegliare punire 260 $aRoma :$bAracne,$c2013$a[Perugia] :$bUniversitą degli studi di Perugia,$c©2013. 300 $a839 p. :$britr. ;$c24 cm. 490 1 $aPubblicazioni dell'Universitą degli studi di Perugia 500 $aIn testa al front: Universitą degli studi di Perugia, Facoltą di Giurisprudenza. 500 $aSul front.: In memoria di Franca De Marini Avonzo. 504 $aContiene riferimenti bibliografici e indici. 546 $aContributi in italiano e spagnolo. 600 14$aDe Marini Avonzo, Franca.$0(OLS)http://pul/subject/43561 650 4$aDiritto romano penale.$0(OLS)http://pul/subject/34888 710 2 $aUniversitą degli studi di Perugia.$bFacoltą di giurisprudenza.$0(OLS)http://pul/name/13314 830 0$aPubblicazioni dell'Universitą degli studi di Perugia.$0(OLS)http://pul/title/7386 850 $aPUL 852 $aPUL$W1$xSL Diritto e Scienze Sociali 1$y4$m195 B 19$j176033$qStampati$B178130$CPULBib$Z2$F178130 $H127931 $81 941 1 $a8 960 $aDiritto penale romano$934888 996 $6020$a978-88-548-5299-0*$9(OLS)http://pul/number/160583 996 $6246$aOrganizzare sorvegliare punire $9(OLS)http://pul/title/212280 996 $6245$aAtti dell'Accademia romanistica costantiniana :$borganizzare sorvegliare punire; il controllo dei corpi e delle menti nel diritto della tarda antichitą$9(OLS)http://pul/title/192094 996 $6260$aRoma :$bAracne$9(OLS)http://pul/publisher/62189 996 $6260$a[Perugia] :$bUniversitą degli studi di Perugia$9(OLS)http://pul/publisher/64160